[Event "World Championship 29th"]
[Site "Baguio City PHI"]
[Date "1978.10.17"]
[Round "32"]
[White "Karpov, Anatoly"]
[Black "Korchnoi, Viktor"]
[Result "1-0"]
[WhiteElo "2725"]
[BlackElo "2665"]
[EventDate "1978.07.??"]

1. e4 d6 2. d4 Nf6 3. Nc3 g6 4. Nf3 Bg7 5. Be2 O-O 6. O-O c5 {Attacking 
the opponent's center right off, Black tries to open up the long diagonal 
for his dark-squared bishop. } ( 6. ... e5?! 7. dxe5 dxe5 8. Qxd8 Rxd8 9. 
Bg5 Re8 10. Rfd1 Bg4 ( 10. ... h6 11. Bxf6 Bxf6 12. Nd5 Bd8 13. Nxe5! Rxe5
14. Nb6! +- ) 11. h3 Bxf3 12. Bxf3 Nc6 13. Nb5 +/- ) 7. d5 ( 7. dxc5 dxc5 
8. Qxd8 Rxd8 9. Be3 b6 10. Rfd1 Nc6 11. Rxd8+ Nxd8 12. Rd1 Bb7 13. Nd2 Ne6
14. e5 Nd7 15. f4 g5 16. fxg5 Nxe5 17. Nb3 a5 18. Na4 Ba6 19. Bxa6 Rxa6 
20. h3 Nc4 {0-1(26) Andersson, Ulf (2655) - Kramnik, Vladimir (2740) / 
Amber-rapid 06th (10), Monte Carlo MNC 1997} ) 7. ... Na6 {The knight is 
transferred to c7 in order to prepare the b7-b5 advance. } 8. Bf4 {The 
pawn structure arising in this opening dictates the plans of both sides. 
White develops his forces, preparing to break through in the center with 
e4-e5. } 8. ... Nc7 9. a4 b6 10. Re1 Bb7 11. Bc4! ( 11. h3 Qd7! 12. Bc4 
Rad8! 13. Qd3 e5 ) 11. ... Nh5?! ( 11. ... a6 ) 12. Bg5 Nf6 13. Qd3! a6 
14. Rad1 Rb8 15. h3 Nd7 16. Qe3! Ba8 17. Bh6! {A typical exchange after 
which the strength of the b6-b5 advance is substantially decreased. } 
17. ... b5 18. Bxg7 Kxg7 19. Bf1 Nf6 20. axb5 axb5 21. Ne2! Bb7 ( 21. ... 
e5 22. dxe6 Nxe6 23. Ng3 +/- ) 22. Ng3 Ra8 23. c3 Ra4 24. Bd3 Qa8 25. e5 
dxe5 ( 25. ... Nfxd5 26. Nf5+ gxf5 27. Qg5+ Kh8 28. Qxf5 +- ) 26. Qxe5 
Nxd5 27. Bxb5 Ra7 28. Nh4! Bc8 ( 28. ... Bc6 29. Bxc6 Qxc6 30. c4 Nb4 31. 
Rd6! exd6 32. Nh5+ gxh5 33. Qg5+ Kh8 34. Qxf6+ Kg8 35. Nf5 +- ) 29. Be2! 
Be6 30. c4 Nb4 31. Qxc5 Qb8 32. Bf1 Rc8 33. Qg5 +- Kh8 34. Rd2 Nc6 35. Qh6
Rg8 36. Nf3 Qf8 37. Qe3 Kg7 38. Ng5 Bd7 39. b4 Qa8 40. b5 Na5 41. b6 Rb7 
1-0

[Event "Vrnjacka Banja"]
[Site "Vrnjacka Banja SRB"]
[Date "1974.??.??"]
[Round "1"]
[White "Taimanov, Mark E"]
[Black "Dely, Peter"]
[Result "1-0"]
[WhiteElo "2580"]
[BlackElo "2470"]
[EventDate "1974.??.??"]
[PlyCount "51"]

1. Nf3 g6 2. d4 Bg7 3. e4 d6 4. Be2 Nf6 5. Nc3 O-O 6. O-O Nc6 7. d5 Nb8 8.
 Re1 c6 9. h3! {Keeping the knight from being exchanged and restricting 
the black pieces. } 9. ... Nbd7 ( {Black should have gained space on the 
queenside by advancing his lateral pawn} 9. ... a5! 10. Bf1 ( 10. a4!? ) 
10. ... a4! 11. a3 Nbd7 12. Be3 Qa5 += {Timoscenko - Razuvaev, USSR (ch) 
Frunze 1979} ) 10. Bf1 {White regroups the position of his pieces; after 
an eventual pawn exchange on d5 the e1-rook will be just on the right 
place, exerting pressure on the e7-pawn. } 10. ... Nc5?! 11. dxc6! bxc6 
12. e5! {destroying the black pawn chain. } 12. ... Nd5 13. Nxd5 cxd5 14. 
Qxd5 Bb7 15. Qd1 Bxf3 16. Qxf3 Bxe5 17. Rxe5! dxe5 18. Bh6 Qd4 ( 18. ... 
Re8 19. Bb5 +/- ) 19. Bxf8 Rxf8 20. c3 Qd2 21. Qe2 Rd8 ( 21. ... Qxe2 22. 
Bxe2 +/- ) 22. Qxe5 Qxb2 23. Qxe7! Rd5 24. Re1 Qxc3 25. Re3 Qc1 26. Qf6! 
1-0

[Event "YUG-URS"]
[Site "Teslic"]
[Date "1979.??.??"]
[Round "?"]
[White "Tal, Mikhail"]
[Black "Velimirovic, Dragoljub"]
[Result "0-1"]
[WhiteElo "2615"]
[BlackElo "2515"]
[EventDate "1979.03.29"]

1. d4 Nf6 2. Nf3 c5 3. d5 g6 4. Nc3 Bg7 5. e4 d6 6. Be2 O-O 7. O-O Na6 8. 
Bf4 Nc7 9. a4!? {In order to prepare the b7-b5 advance as soon as 
possible, Black allows his opponent to fix the queenside with a4-a5, 
hoping to open up the b-file in the future. } 9. ... a6 10. Re1 Rb8 11. a5
b5 12. axb6 Rxb6 13. b3 Nh5 14. Bd2 Rb8 {At the cost of weakening the 
a6-pawn Black obtains counterplay with the Nc7-b5 maneuver. } 15. Ra2 Nb5 
16. Nxb5 ( 16. Na4 e6!? ) 16. ... axb5 17. Bd3 Qc7 18. Qe2 Bd7 19. e5! Bg4
! {Avoiding destruction of the c5+d6 pawn chain. } 20. exd6 exd6 21. Bxb5 
Bxf3 22. gxf3 Qc8 23. Ra7 Be5 24. Bd7 Qd8 25. Qc4 Qf6 26. Bg4 Nf4 27. Ra4 
Rb4! 28. Rxb4 ( 28. Bxb4 cxb4 ) 28. ... cxb4 29. Re4 g5 30. h4 Ra8! 31. 
hxg5 Ra1+ 32. Re1 Rxe1+ 33. Bxe1 Qxg5 34. Bxb4 Kg7 35. Qe4 h5 36. Qf5 Nh3+
! 37. Kf1 Qc1+ 38. Be1 hxg4 39. Qxg4+ Ng5 40. f4 Bxf4 41. Qe2 Be5 42. Qd3 
0-1

[Event "Biel"]
[Site "Biel SUI"]
[Date "1989.??.??"]
[Round "?"]
[White "Ivanchuk, Vassily"]
[Black "Torre, Eugenio"]
[Result "1-0"]
[WhiteElo "2660"]
[BlackElo "2560"]
[EventDate "1989.07.??"]
[Annotator "ChessBase"]

1. d4 d6 2. e4 Nf6 3. Nc3 g6 4. Nf3 Bg7 5. Be2 O-O 6. O-O c5 7. d5 Na6 8. 
Bf4 Nc7 9. a4 ( 9. Re1 a6 10. a4 Bd7?! {10...b6} 11. e5 Nh5 12. Be3 dxe5 
13. Bxc5 += {Gelfand,B-Polgar,J/Amsterdam OHRA-B/1989/1-0/} ) 9. ... a6 
10. h3 {Reserving a shelter for the bishop on the h2-b8 diagonal. } 
10. ... b6 ( 10. ... Rb8 11. e5! dxe5 12. Nxe5 Nfxd5 13. Nxd5 Qxd5 14. 
Nxg6 hxg6 15. Bxc7 Qxd1 16. Rfxd1 Ra8 17. c3 += ) 11. Re1 Bb7 12. Bc4 Qd7!
{This is the best plan: Black threatens with b6-b5 and prepares to conduct
the e7-e6 thrust after Ra8-d8 followed by Qd7-c8. } ( 12. ... Nh5 13. Bh2 
b5 14. axb5 axb5 15. Nxb5 Nxb5 16. Bxb5 Bxb2 17. Rb1 Bg7 18. e5 dxe5 19. 
Bc4 Ra4 20. Rxb7 Rxc4 21. Bxe5 Bxe5 22. Rxe5 Nf4 23. Rbxe7 f6 24. Re1 Nxd5
25. Ra7 Rf7 {1-0(30) Panno, Oscar (2580) - Quinteros, Miguel A (2480) / 
Clarin (6), Buenos Aires ARG 1978} ) 13. Qd3! ( 13. e5 Nh5! 14. Bh2 b5! ~ 
) ( 13. e5 Nh5 14. Bg5 f6 15. exd6 exd6 16. Be3 f5 17. Qd3 Bxc3 18. Qxc3 
f4 19. Bd2 b5 20. Ba2 Nxd5 21. Bxd5+ Bxd5 22. Nh2 b4 23. Qd3 Qf5 24. Qxf5 
Rxf5 25. Re7 Rf7 {1/2-1/2(38) Beliavsky, Alexander G (2620) - Torre, 
Eugenio (2550) / Moscow (8), Moscow RUS 1981} ) 13. ... Rad8! {Preparing 
another liberating pawn move, e7-e6.} 14. Rad1 Qc8 15. Qe3 Rfe8 16. Bh6! 
Bh8? {>= 16...e6!; Torre  Black keeps his dark-squared bishop from being 
exchanged, but now almost all of the white pieces are concentrated near 
the black king castling position. An improvement was shown in the next 
game. 
} 17. Ng5! Nd7 ( 17. ... e6 18. dxe6 Nxe6 19. Nxe6 fxe6 20. e5! dxe5 21. 
Rxd8 Qxd8 22. Qxe5 Nd5 23. Qe2 +/- ) 18. f4! Bg7 19. Bxg7 Kxg7 20. e5! b5
!? 21. axb5 Nb6 22. bxa6 Nxc4 23. axb7 Qxb7 24. Qe4 ( 24. Qe2! Nxb2 25. 
Rb1 Qb4 26. Nce4 +/- ) 24. ... Nxb2 25. Rb1 Qb4 26. Qxb4 cxb4 27. Nce4 Nc4
? ( 27. ... Na4! 28. Rxb4 Nc5 ) 28. Rxb4 Na3 29. Ra4 Ra8 30. Rxa8 Rxa8 31.
 exd6 Nxd5? {>= 31...exd6} ( 31. ... exd6 32. Nxd6 Nxd5 33. c4 Nxf4 34. 
Ngxf7 +/- ) 32. Rd1! Nb6 ( 32. ... Nxf4 33. d7 Rd8 34. Nc5 +- ) 33. dxe7 
Re8 34. f5! f6 ( 34. ... gxf5 35. Nd6 +- ) 35. Ne6+ 1-0

[Event "San Francisco"]
[Site "San Francisco, CA USA"]
[Date "1991.??.??"]
[Round "1"]
[White "Adianto, Utut"]
[Black "Torre, Eugenio"]
[Result "1/2-1/2"]
[WhiteElo "2470"]
[BlackElo "2530"]
[EventDate "1991.03.??"]

{
http://ctart.chessok.com/course/chess-opening-semi-open-games-1-e4/pirc-ufimtsev-defence/classical-variation/variation-with-6-c5?page=2
} 
1. d4 d6 2. e4 Nf6 3. Nc3 g6 4. Nf3 Bg7 5. Be2 O-O 6. O-O c5 7. d5 Na6 8. 
Bf4 Nc7 9. a4 a6 10. h3 b6 11. Re1 Bb7 12. Bc4 Qd7! 13. Qd3 Rad8 14. Rad1 
Qc8 15. Qe3! Rfe8 16. Bh6 e6! {Black manages to obtain counterplay in the 
center on time. } 17. Bxg7 Kxg7 18. dxe6 ( 18. Qd3 exd5 19. Nxd5 Bxd5 20. 
Bxd5 Ncxd5 21. exd5 Rxe1+ 22. Rxe1 Qb7 23. c4 b5 24. axb5 axb5 25. b3 {
1/2-1/2 Tatai, Stefano (2425) - Gheorghiu, Florin (2540) / Zuerich Open 
11th (4), Zurich SUI 1987} ) 18. ... Nxe6 19. Nd5 ( 19. Bd5 Nc7 20. Bxb7 
Qxb7 21. e5 dxe5 22. Rxd8 Rxd8 23. Qxe5 Qc6 24. Ne4 Re8 25. Qxf6+ Qxf6 26.
 Nxf6 Rxe1+ 27. Nxe1 Kxf6 28. Kf1 Ne6 29. Ke2 c4 30. Ke3 Ke5 {1/2-1/2(63) 
Brynell, Stellan (2489) - Hansen, Curt (2608) / Bundesliga 9899 (11.5), 
GER 1999} ) 19. ... Bxd5! ( 19. ... Nxd5? 20. exd5 Nc7 21. Qb3 Rxe1+ 22. 
Nxe1 +/- ) 20. Bxd5 Nxd5 ( 20. ... Nd4 21. Nxd4 Nxd5 22. Qg5 Ne7 23. Ne2 
Ng8 24. Nc3 Nf6 25. Rd3 b5 26. axb5 axb5 27. Rf3 Re6 28. Nxb5 Qb7 29. c4 
Rde8 30. Rfe3 Nxe4 {1-0(59) Hansen, Curt (2530) - Rechlis, Gad (2430) / 
Jerusalem (?), Jerusalem ISR 1986} ) 21. Rxd5 Qc6 22. b3 Nc7 23. Rdd1 d5! 
= 24. exd5 Rxd5 25. Qc1 1/2-1/2

[Event "World Cup"]
[Site "Reykjavik ISL"]
[Date "1988.10.??"]
[Round "4"]
[White "Tal, Mikhail"]
[Black "Speelman, Jon S"]
[Result "1-0"]
[WhiteElo "2610"]
[BlackElo "2645"]
[EventDate "1988.10.??"]

1. e4 d6 2. d4 g6 3. Nf3 Bg7 4. Be2 Nf6 5. Nc3 O-O 6. O-O c5 7. d5 Na6 8. 
Re1!? {White delays the prophylactic move a2-a4, thus provoking his 
opponent to conduct the liberating b7-b5 advance right away. } 8. ... Nc7 
9. Bf4 b5 ( 9. ... a6 {deserves attention, as White hardly has something 
better than } 10. a4 Rb8 ) 10. Nxb5 Nxe4 11. Nxc7 Qxc7 12. Bc4 Nf6 13. h3 
Re8 14. Rb1 {Now White's plan is perfectly clear: to exert pressure on the
e7-pawn along the e-file. } 14. ... a5 15. Qd2 Qb6 16. Re3! Ba6 17. Bxa6 
Qxa6 18. Rbe1 Kf8 19. Ng5! {Step by step White concentrates his forces 
against the enemy king. } 19. ... Qb7 ( 19. ... h6 20. Nf3 {xh6} ) 20. c4 
Qb4 21. Qe2! h6 22. Nxf7!! Kxf7 23. Rb3 Qa4 24. Qe6+ Kf8 25. Rb7 Qxc4 26. 
Bxd6! Ng8 27. Re3! Bf6 28. Rf3 Kg7 29. Bxe7 Rxe7 30. Rxe7+ Nxe7 31. Qxf6+ 
Kg8 32. Qf7+ Kh8 33. Qxe7 Qxd5 34. Rf7 1-0

[Event "London Phillips&Drew"]
[Site "London ENG"]
[Date "1980.??.??"]
[Round "10"]
[White "Browne, Walter S"]
[Black "Gheorghiu, Florin"]
[Result "0-1"]
[WhiteElo "2540"]
[BlackElo "2605"]
[EventDate "1980.04.??"]
[Annotator "ChessBase"]

1. d4 Nf6 2. Nf3 c5 3. d5 g6 4. Nc3 Bg7 5. e4 O-O!? ( 5. ... d6 6. Bb5+ +=
) 6. Nd2 {Another possible plan for White involves transferring the knight
from f3 to c4 where it will support the e4-e5 breakthrough. } ( 6. e5 Ng4 
7. Bf4 d6 =, quiet ) ( 6. Be2 b5 7. e5 Ng4 8. Bf4 ↑ ) 6. ... d6 7. Be2 
Na6 8. O-O Nc7 9. a4 b6 10. Nc4 Ba6! {When the white knight stands on c4, 
Black's queenside pawn activity with a7-a6 and b6-b5 does not make sense 
due to eventual knight invasion Nc4-a5-c6. Therefore Black is going to 
trade his light-squared bishop for the c4-knight and only then proceed 
with Rb8 followed by a7-a6 and b6-b5. } 11. Re1 ( 11. Bf4 Rb8 12. b3!? += 
) 11. ... Nd7 12. Ra3! {On b3 the rook will hamper the b6-b5 advance; at 
the same time it may be easily transferred to the kingside via the 3rd 
rank. } 12. ... Rb8 13. Rb3 Ne5! ( 13. ... Bxc4 14. Bxc4 a6 15. Qe2 Bxc3 
16. Rxc3 b5 17. axb5 axb5 18. Ba2 {/\Rh3+/-->} ) 14. Nxe5 Bxe2 15. Qxe2 
Bxe5 ⇄⇄ 16. Nb5 Rb7! ( 16. ... Nxb5? 17. axb5 += {()} ) 17. f4 Bg7 18.
 Rd1?! {c5-c4} ( 18. c4 e6 ) ( 18. f5!? {Rh3} ) 18. ... Qc8! 19. Qc4 ( 19.
 e5 Nxb5 20. axb5 c4! {/\Qc5|^} ) 19. ... Rd8! 20. Kh1! Ne8 ( 20. ... a6 
21. Nxc7 Qxc7 {Qb8, b6-b5} ) 21. h3?! ( 21. Na3! Nc7 22. Nb5 Ne8 = ) 
21. ... a6 22. Nc3 ( 22. Na3 ⌓ Nc7 =+ ) 22. ... Nc7 23. Qe2 Qb8! 24. e5 
b5 =+ 25. axb5 axb5 26. Ne4?! ( 26. exd6! exd6 27. Ne4 =+ ) 26. ... c4! 
-/+ 27. Rf3 dxe5 28. Nc5 Ra7 29. fxe5 Rxd5 30. Rxd5 Nxd5 31. e6 f5! -/+ 
32. Rf1 Ra1 33. Rd1 Qg3! -+ {/\Be5} 34. Nd7 h5 35. c3 Kh7 36. Bg5?! Nxc3! 
37. bxc3 Rxd1+ 38. Qxd1 Qxg5 39. Qd5 Qe3 40. Qxb5 Qxe6 0-1

[Event "Enghien les Bains 3rd"]
[Site "Enghien les Bains FRA"]
[Date "1999.03.10"]
[Round "7"]
[White "Lautier, Joel"]
[Black "Ponomariov, Ruslan"]
[Result "1-0"]
[WhiteElo "2596"]
[BlackElo "2609"]
[EventDate "1999.03.03"]
[Annotator "Lautier"]

1. d4 {Hansen,Cu} 1. ... Nf6 {Aha, there goes my preparation into the 
waste-basket. I had expected 1...d5} 2. Nf3 {Just in case, to discourage 
any Benko gambit for example.} 2. ... c5 {Yes, one can be pretty stubborn 
at this age.} 3. d5 d6 4. Nc3 {I gave him the long look, and boldly 
entered new (for me) territory.} 4. ... g6 5. e4 Bg7 6. Be2 O-O 7. O-O Na6
{Time to take stock. My only knowledge of this position was a vague 
recollection of an old Smyslov game against Schmid himself, the inventor 
of Black's system. I remembered White applied the standard Nd2-c4 
manoeuvre, to which Black replied ...Nc7, followed by ...b6 and ...Ba6. 
The one thing that was carved in my memory was the move b2-b3 for White, 
together with the fact that Smyslov had won a beautiful game, or hadn't 
he? So off I went...} 8. Nd2 Nc7 9. a4 b6 {Hansen,Cu: 'White has a certain
() in the center. Black normally directs his counterattack against the 
small P-chain e4-d5 by either b6-b5 (if possible) to drive Nc3 away from 
the protection of e4. Or he plays e7-e6 to destroy whites center.'} 10. 
Nc4 Ba6 11. Bg5?! {Well, I almost got it right. As I found out afterwards,
Smyslov had played the stronger} ( 11. Bf4! Rb8 12. b3! {and duly won in 
brilliant style against Schmid in the Helsinki olympiad from 1952. So what
is the big idea behind b2-b3 anyway? It's not hard to guess what Black is 
after in this opening: he wishes to swap on c4 at the appropriate moment 
and follow-up with . ..a7-a6 and ...b6-b5. Smyslov's move stops him dead 
in his tracks: White will just take back on c4 with the pawn, after which 
no earthly power can implement ...b6-b5.} ) ( 11. Bf4 Rb8 12. b3 Nd7 13. 
Qd2 f5 14. Rad1 fxe4 15. Nxe4 Rf5 16. Bg4 Rxd5 17. Be6+ Nxe6 18. Qxd5 Nf8 
19. Ng5 Bb7 20. Nxe6 Qc8 {1-0(23) Smyslov, Vasily (2655) - Schmid, Lothar 
(2535) / Helsinki ol (Men) fin-A (8), Helsinki FIN 1952} ) ( 11. Bf4 Bxc4 
12. Bxc4 a6 13. Re1 Nd7 14. Qd2 Re8 15. Bh6 Bh8 16. Bf1 Rb8 17. Nd1 b5 18.
 axb5 axb5 19. c3 b4 20. Ne3 bxc3 {1-0(35) Garcia Gonzales, Guillermo 
(2485) - Larsen, Bent (2570) / New York Open (?), New York, NY USA 1988} )
11. ... Qd7! {A typical mistake. Necessary is Bxc4!

It now dawned on me that I must have pushed my bishop one square too far, 
as it would have been much handier to have it on f4 in order to stop 
...e7-e6, the next move on Black's agenda.} ( 11. ... Bxc4 {is premature, 
as Black is unable to set his queenside pawns in motion after} 12. Bxc4 a6
{Hansen,Cu: 'would be a thematic continuation followed by for example 
Nf6-d7'} 13. Qe2 {controlling b5 and preventing ...Rb8 since the a6-pawn 
hangs.} ) ( 11. ... Bxc4 12. Bxc4 a6 13. Qd3 h6 14. Bd2 Ng4 15. Qh3 h5 16.
 Be2 Qd7 17. Kh1 Nf6 18. Qxd7 Nxd7 19. f4 Rfe8 20. e5 dxe5 {0-1(38) Bonin,
Jay R (2390) - Gulko, Boris F (2585) / New York Open (2), New York, NY USA
1998} ) 12. b3?! {A standard method. 

'!?' Hansen,Cu. Yes, such is my faith in the great Vassily Vassilievich. 
Almost any other move would have been stronger. Hansen,Cu: 'A slightly 
unusual move'} 12. ... e6! ( {It turns out that after } 12. ... Bxc4 {
Black is unable to conduct the liberating b6-b5 advance 

Hansen,Cu} 13. bxc4!? {would stop blacks normal counterpush b6-b5 forever 
for the prize of a slightly weakened P-structure.} ) 13. Qd2 ( 13. dxe6? {
invites disaster:} 13. ... Qxe6! 14. Qd3 ( 14. Qxd6 Bxc4 15. Qxc7 Bxe2 16.
 Nxe2 Nxe4 -/+ ) 14. ... Nxe4 15. Nxe4 d5 -/+ ) 13. ... exd5 14. exd5 {
Hansen,Cu: 'Black now only has slight problem. The Nc7 is potentially bad 
placed but only if black does not manage to put P-d5 under pressure '} 
14. ... Rfe8 {Not too surprisingly, Black has equalized comfortably. As a 
matter of fact, his pieces coordinate very nicely, while just about every 
single piece of mine is a potential tactical target. My next move is quite
forced, as Black is about to land a haymaker with 15...Ne4.} 15. Bf3 Ng4 
16. h3 Ne5 17. Be2 Nxc4?! {The whole concept of exchanging pieces doesn't 
appeal to me. I think Black would be better off keeping the tension with 
17...f5} ( 17. ... Bxc4?! {would amount to the same thing after} 18. Bxc4 
( 18. bxc4?! {is clearly worse, e.g.} 18. ... f5 19. Ra3 {/\ Nb5} 19. ... 
Nf7 20. Bf4 Re7 ( 20. ... Bxc3!? 21. Rxc3 Qxa4 ) 21. Nb5 Rae8 ↑ ) ( 18. 
bxc4 {Hansen,Cu} ) 18. ... Nxc4 19. bxc4 ) ( 17. ... f5 ⌓ {planning to 
regroup with ...Nf7.} ) 18. Bxc4 ( 18. bxc4?? {is strategically desirable,
but tactically flawed:} 18. ... Bxc3 19. Qxc3 Rxe2 -+ ) 18. ... Bxc4 {'?' 
Hansen,Cu.} ( 18. ... Bb7!? {Hansen,Cu Black could go back to his old plan
of putting d5 under pressure and trying to push through a7-a6 and b6-b5. 
It would not have been easy for white to stop blacks b-P from moving 
forward} 19. Rae1 a6 20. Qd3 Rxe1 ( 20. ... f5 ⇄⇄ ) 21. Rxe1 Re8 {And 
I think white has more problems stopping b6-b5 and hanging on to d5 than 
black has with Nc7} ) 19. bxc4 {'+/=' Hansen,Cu. Hansen,Cu: 'Now black 
will clearly never be able to put d5 under pressure, and b6-b5 will also 
be impossible to force through. This means Nc7 is rather badly placed.'} 
19. ... a6?! {Black overestimates his chances. The piece exchanges that 
just took place have actually improved my position, as Black still has to 
find use for his clumsy c7-knight.} ( 19. ... Qf5 {was expected, when 
after} 20. Ra3 {preparing Nb5, I would prefer White, though Black's game 
is perfectly playable.} ) 20. Rab1 Rab8 21. Rb3! f5? {A gruesome 
weakening. It is not clear what this move achieves for Black, while White 
is handed a magnificent e6-outpost and a softening of the g6-square on a 
silver platter. Hansen,Cu: 'In connection with the following black 
N-manouvre this move makes a rather bad impression.'} ( 21. ... b5? {was 
undoubtedly my opponent's intention, until he saw through my devious 
trick:} 22. axb5 axb5 23. Nxb5 Nxb5 24. Rfb1! Nc3 25. Rxb8 Nxb1 26. Rxb1 
Qa4 27. Qd3 +/- {when White stays a pawn to the good.} ) ( 21. ... Rb7 {
should have been played, when nothing dismal has yet happened to Black's 
position:} 22. Rfb1 Reb8 23. Qd3 += ) 22. Rfb1 Na8 {Black's position, and 
this move in particular, bear a strong resemblance to some women portraits
by Picasso. Hansen,Cu: 'Black had just found a new job to do for Nc7. 
Cover the weak square e6. Unfortunately b6 has to be covered as well'} 23.
 h4! +/- {Having deprived his opponent of any counterplay, White attacks 
on both flanks. 

According to the well-known "principle of the two weaknesses". Having 
already achieved maximum pressure on the queenside, White needs to open a 
second front on the kingside in order to stretch Black's defences to 
breaking point. The g6-pawn is particularly vulnerable, since White can 
attack it easily with Ne2-f4 and Rb3-g3.} 23. ... h5 ( 23. ... Bxc3 {is 
hardly worth considering:} 24. Qxc3 Qxa4 25. Ra3 Qd7 26. Rxa6 +/- ) 24. a5
Qc7 ( 24. ... b5? {loses on the spot:} 25. cxb5 Bxc3 26. Qxc3 axb5 27. Qf6
+- ) 25. Ne2! {'+-!' Hansen,Cu.} 25. ... bxa5 26. Nf4 Rb4 {Best under the 
circumstances. Black is overrun after both} ( 26. ... Rxb3 27. cxb3 Kh7 
28. Ne6 Qb7 ( 28. ... Qb6 29. Nxg7 Kxg7 30. Qc3+ Kh7 31. Qf6 Qc7 32. Bf4 
+- ) 29. Bf4 +/- ) ( {and} 26. ... a4 27. Ne6 Qa7 28. Rxb8 Rxb8 29. Rxb8+ 
Qxb8 30. Nxg7 Kxg7 31. Qc3+ Kh7 32. Qf6 Qe8 33. Qxd6 a3 34. Qxa6 +- ) 27. 
Re1! {Timing is important in the attack: threats should come with tempo 
whenever possible!} 27. ... Qf7 ( 27. ... Be5 28. Nxg6 → ) ( 27. ... 
Rxe1+ ⌓ {was mandatory} 28. Qxe1 Qf7 29. Re3 Be5 30. Nd3 Rxc4 31. Nxe5 
dxe5 32. Rxe5 Re4 33. Rxe4 fxe4 34. Qxe4 Nb6 35. d6 +/- ) 28. Re6! {After 
this hammerblow, Black's structure falls to bits.} 28. ... Rxc4 ( 28. ... 
Nb6 □ {was the stiffest defence, although after} 29. Rxg6 ( {
Unsatisfactory is} 29. Qe2 Be5! ( 29. ... Rxe6 30. dxe6 Qe8 31. e7 Be5 32.
 Ne6 +- ) 30. Rxg6+ Qxg6 31. Nxg6 Bh2+ ↑ ) 29. ... Nxc4 30. Qd1 Ne5 31. 
Rxd6 a4 32. Rxb4 cxb4 33. Nxh5 → {Black can't hold out for long.} ) 29. 
Rb7! Qxb7 30. Rxe8+ Kh7 31. Re7 Qb1+ ( {Or} 31. ... Nc7 32. Bf6 Qb1+ 33. 
Kh2 Ne8 34. Ne6 +- ) 32. Kh2 Rxc2 33. Qe3 Qb2 34. Qe6 1-0